Principles and Practices of Navigation (Record no. 3065)

000 -LEADER
fixed length control field 00345nam a2200133Ia 4500
008 - FIXED-LENGTH DATA ELEMENTS--GENERAL INFORMATION
fixed length control field 200103s 2007 ||||xx |||||||||||||| ||und||
082 ## - DEWEY DECIMAL CLASSIFICATION NUMBER
Classification number 629.13
Item number PAN
100 ## - MAIN ENTRY--PERSONAL NAME
Personal name Panda, S.
245 #0 - TITLE STATEMENT
Title Principles and Practices of Navigation
250 ## - EDITION STATEMENT
Edition statement 2nd Ed.
260 ## - PUBLICATION, DISTRIBUTION, ETC. (IMPRINT)
Name of publisher, distributor, etc Bhandarkar Pubhications
Date of publication, distribution, etc 2007
Place of publication, distribution, etc Mumbai
300 ## - PHYSICAL DESCRIPTION
Extent 372p.
942 ## - ADDED ENTRY ELEMENTS (KOHA)
Item type Books
Holdings
Withdrawn status Lost status Source of classification or shelving scheme Damaged status Not for loan Permanent location Current location Shelving location Date acquired Total Checkouts Full call number Barcode Date last seen Date last borrowed Koha item type Public note
          IMU-MPC Library IMU-MPC Library General Stacks 2020-01-08 1 629.13 PAN LBSD1951 2025-03-17 2022-03-07 Books Column-3
Copyright © 2021 Indian Maritime University, Mumbai Port Campus. All Rights Reserved. Managed & Maintained by Central Library, IMU-Mumbai

webs counters

Powered by Koha